El aviador : (Registro nro. 13307)

Detalles MARC
000 -LIDER
fixed length control field 00818nam a22002537a 4500
003 - IDENTIFICACDOR DE NÚMERO DE CONTROL
control field DO-SdBNP
005 - DATE AND TIME OF LATEST TRANSACTION
control field 20180216152241.0
008 - ELEMENTOS DE LONGITUD FIJA
fixed length control field 180216b 2014 dr a ||| 00| 0 spa d
020 ## - ISBN
International Standard Book Number 9789945497212
040 ## - FUENTE DE CATALOGACIÓN
Agencia que crea de manera original el registro BPMSU
Idioma de catalogación spa
Agencia que realiza la transcripción BPMSU
082 ## - NÚMERO DE CLASIFICACIÓN DECIMAL DE DEWEY
Classification number xxx
Item number xxxx
100 1# - ASIENTO PRINCIPAL -- NOMBRE PERSONAL
Nombre personal Coronado, Dinorah
245 13 - MENCIÓN DE TITULO
Título El aviador :
Subtítulo la historia de Zoilo Hermógenes García /
Mención de responsabilidad Dinorah Coronado, Ruth Herrera
260 ## - PUBLICACIÓN, DISTRIBUCIÓN, ETC. (PIE DE IMPRENTA)
Lugar de publicación, distribución, etc Santo Domingo;
Nombre del editor, distribuidor, etc. Santillana,
Fecha de publicación, distribución, etc 2014
300 ## - DESCRIPCIÓN FÍSICA
Extensión 118 p.
Otros detalles físicos il.
Dimensiones 21 cm.
490 0# - MENCIÓN DE SERIES
Mención de serie Alfaguara juvenil
500 ## - NOTA GENERAL
Nota general La biblioteca posee un ejemplar autografiado por una de las autoras.
500 ## - NOTA GENERAL
Nota general Incluye datos biográficos de las autoras.
700 1# - ASIENTO SECUNDARIO -- NOMBRE PERSONAL
Nombre personal Herrera, Ruth
830 #0 - ASIENTO SECUNDARIO DE SERIE--TÍTULO UNIFORME
Título uniforme Alfaguara juvenil
942 ## - ADDED ENTRY ELEMENTS (KOHA)
Source of classification or shelving scheme Dewey Decimal Classification
Koha item type Libros
945 ## - INFORMACIÓN DE PROCESAMIENTO LOCAL
Información de procesamiento local Inventariado, 2018/ YL
956 ## - LOCAL ELECTRONIC LOCATION AND ACCESS (OCLC)
Nombre de host YLOCKWARD
Número de acceso 10
Información de compresión BPMSU
Existencias
Withdrawn status Lost status Source of classification or shelving scheme Damaged status Not for loan Collection code Home library Current library Date acquired Source of acquisition Total Checkouts Full call number Barcode Date last seen Price effective from Koha item type
    Dewey Decimal Classification     Colección Dominicana Biblioteca Pública Metropolitana Salomé Ureña Biblioteca Pública Metropolitana Salomé Ureña 02/16/2018 Donación   xxx xxxx BPMSU18020168 02/16/2018 02/16/2018 Libros